| 000 | 00688nam a2200157Ia 4500 | ||
|---|---|---|---|
| 008 | 090124s9999 xx 000 0 und d | ||
| 082 |
_b28007 _a3722 |
||
| 245 | _a वुइ दि नेशन (वाया गेलेली वर्षे) (नानी पालखीवाला) | ||
| 250 | _a1 | ||
| 260 | _c1995 | ||
| 300 | _a297 | ||
| 630 | _a वुइ दि नेशन (वाया गेलेली वर्षे) (नानी पालखीवाला) | ||
| 700 | _aवाळिंबे वि.स. | ||
| 730 | _a वुइ दि नेशन (वाया गेलेली वर्षे) (नानी पालखीवाला) | ||
| 942 | _cBOOK | ||
| 999 |
_c141469 _d141469 |
||